| 000 | 01782nam0a2200301 4500 | ||
|---|---|---|---|
| 001 | RU\NLR\bibl\1273331 | ||
| 005 | 20260409063421.0 | ||
| 010 |
_a978-5-370-00834-4 _94000 |
||
| 021 |
_aRU _b2008-57131 _93179 |
||
| 035 | _a(NLR Aleph) 001259189 | ||
| 090 |
_a368150 _c368150 |
||
| 100 | _a20080915d2008 |||y0rusy50 ca | ||
| 101 | 0 | _arus | |
| 102 | _aRU | ||
| 105 | _ay ||||||||| | ||
| 200 | 1 |
_aГражданский процессуальный кодекс Российской Федерации _e[принят Государственной Думой 23 октября 2002 года _eодобрен Советом Федерации 30 октября 2002 года _eподписан Президентом РФ 14 ноября 2002 года № 138-ФЗ _e(в ред. Федеральных законов от 30.06.2003 № 86-ФЗ) и др. _eофициальный текст] _eтекст кодекса приводится по состоянию на 12 мая 2008 г. |
|
| 210 |
_aМосква _cОмега-Л _d2008 |
||
| 215 |
_a179 с. _d21 |
||
| 225 | 1 | _aКодексы Российской Федерации | |
| 604 |
_171001$aРоссийская Федерация _150011$aГражданский процессуальный кодекс$2nlr_sh2$3RU\NLR\AUTH\661262192 _aРоссийская Федерация _tГражданский процессуальный кодекс _92086065 _3RU\NLR\AUTH\661262192 |
||
| 686 | _aХ629.2-324.9(2Р) | ||
| 740 | 1 |
_aРоссийская Федерация _tЗаконы _iГражданский процессуальный кодекс _3RU\NLR\AUTH\880379477 _9425338 |
|
| 801 | 0 |
_aRU _bNLR _c20080915 _gRCR |
|
| 801 | 1 |
_aRU _bNLR _c20080915 |
|
| 942 | _cBOOK | ||
| 980 | _aNB | ||